Εισαγωγή στην Ψυχανάλυση / Sigmund Freud. (Record no. 3245)
[ view plain ]
| 000 -LEADER | |
|---|---|
| fixed length control field | 01672cam a22001934a 4500 |
| 005 - ΗΜΕΡΟΜΗΝΙΑ ΚΑΙ ΩΡΑ ΤΕΛΕΥΤΑΙΑΣ ΕΝΗΜΕΡΩΣΗΣ | |
| Πεδίο ελέγχου | 20250605164109.0 |
| 008 - FIXED-LENGTH DATA ELEMENTS--GENERAL INFORMATION | |
| Πεδίο ελέγχου σταθερού μήκους | 250528s ||||||||||||||||||||||||d |
| 035 ## - SYSTEM CONTROL NUMBER | |
| System control number | 17845 |
| 020 ## - ISBN | |
| ISBN | 9789604697557 |
| 040 ## - ΠΗΓΗ ΚΑΤΑΛΟΓΟΓΡΑΦΗΣΗΣ | |
| Φορέας πρωτότυπης καταλογογράφησης | MC Athens Campus Library |
| Γλώσσα καταλογογράφησης | Ελληνικά, Μοντέρνα (1453-) |
| Modifying agency | MC Athens Campus Library |
| Κανόνες περιγραφικής καταλογογράφησης | AACR2 |
| 245 1# - ΤΙΤΛΟΣ ΚΑΙ ΔΗΛΩΣΗ ΥΠΕΥΘΥΝΟΤΗΤΑΣ | |
| Τίτλος | Εισαγωγή στην Ψυχανάλυση / Sigmund Freud. |
| Number of part/section of a work | Τόμος Β' |
| 260 ## - PUBLICATION, DISTRIBUTION, ETC. | |
| Name of publisher, distributor, etc. | Βήμα, |
| Date of publication, distribution, etc. | 2010 |
| 300 ## - PHYSICAL DESCRIPTION | |
| Extent | 210 |
| 520 ## - SUMMARY, ETC. | |
| Summary, etc. | Ο Φρόιντ επέφερε σημαντικό πλήγμα στο επιστημονικό ορθολογιστικό κατεστημένο της εποχής, που ήθελε τον άνθρωπο να ελέγχει με τη λογική τη συμπεριφορά του, ενώ συνέβαλε τα μέγιστα στη θεραπεία των ψυχικών παθήσεων. Γενική Θεωρία των Νευρώσεων, Ψυχανάλυση και Ψυχιατρική, Η Σημασία των Συμπτωμάτων, Καθήλωση στα Τραύματα - Το Ασυνείδητο, Αντίσταση και Απώθηση, Η Σεξουαλική Ζωή του Ανθρώπου, Ανάπτυξη της Λίμπιντο και Σεξουαλικές Οργανώσεις, Όψεις της Ανάπτυξης και της Επαναστροφής - Αιτιολογία, Τρόποι Σχηματισμού των Συμπτωμάτων, Συνηθισμένη Νευρικότητα, Άγχος, Η Θεωρία της Λίμπιντο: Ναρκισσισμός, Μεταβίβαση, Η Ψυχαναλυτική Θεραπεία. |
| 700 1# - ΠΡΟΣΘΕΤΗ ΑΝΑΓΡΑΦΗ--ΦΥΣΙΚΟ ΠΡΟΣΩΠΟ | |
| Personal name | Freud Sigmund |
| 9 (RLIN) | 241 |
| 942 ## - ADDED ENTRY ELEMENTS (KOHA) | |
| Koha item type | Books |
| Τύπος τεκμηρίου | Βιβλιοθήκη | Τρέχουσα τοποθεσία | Barcode | Αριθμός εισαγωγής | Ημερομηνία απόκτησης | Ταξιθετικό σύμβολο | Αριθμός αντιτύπου | Κατάσταση απόσυρσης | Κατάσταση χαμένου | Κατάσταση κατεστραμμένου | Μη δανεισμός | Σύνολο δανεισμών | Σύνολο ανανεώσεων | Ημερομηνία τελευταίας εμφάνισης | Χρονολογία τελευταίου δανεισμού | Η τιμή ισχύει από |
|---|---|---|---|---|---|---|---|---|---|---|---|---|---|---|---|---|
| Books | MC Athens Campus Library | MC Athens Campus Library | 9780000032447 | 7309 | 05/06/2025 | 150.195 FRE V.B | 210 | 1 | 2 | 04/11/2025 | 15/10/2025 | 05/06/2025 |